Quizzes
Events
Quiz Creation
Community
Videos
Private Events
Remove Ads
Sign In
Join for FREE
Feedback
Dark Mode
Quiz Categories
Sports
Geography
Music
Movies
Television
Just For Fun
Miscellaneous
History
Literature
Language
Science
Gaming
Entertainment
Religion
Holiday
For Kids
Quiz Lab
Recent
Popular Today
Quiz Kudos Today
Editor Picks
Curator Picks
Quizzes by...
Day
Popularity
Type
Ratings
Length
Year
Community
Subscriptions
Recent Discussions
Orange Saloon
Badges
Playlists
Quests
Create
Leaderboards
Showdown
Live 5
Trivia Bingo
Activity
Puzzle Library
Sporcle Events
Private Events
Virtual Trivia
Globe League
Become a Host
Pub Owners
SporcleCon
Opinionation
Our Games
Videos
Blog
Mobile Apps
Partnerships
Remove Ads and Go Orange
Feedback
Geography
Country
Landmarks
City
State
Population
World
Capital
Continent
Flags
Europe
Africa
Asia
South America
North America
Oceania
Border
Canada
United Kingdom
Topography
United States
Geography
Country
Landmarks
City
State
Population
World
Capital
Continent
Flags
Europe
Africa
Asia
South America
North America
Oceania
Border
Canada
United Kingdom
Topography
United States
Random Quiz
Search Sporcle
×
Quiz Lab
Quiz Lab
Geography
Asia
Type in answers that appear in a list
Type in answers that appear in a list
Classic
Best Score? Go Orange.
Anything but Mongolia Stats
Name the countries (apart from Mongolia) that...
By
Schaapje
8m
50 Questions
2,283 Plays
2,283 Plays
2,283 Plays
Comments
Comments
Give Quiz Kudos
Give Quiz Kudos
-
- Ratings
hide this ad
Replay
Link that replays current quiz
Next Quiz
Link to next quiz in quiz playlist
You Got
0%
They Got
Avg Score
75%
Avg Friend Score
Upgrade to see
Score Distribution
Jump to the score distribution portion of the page
Score
0/50
Timer
08:00
0
Plays Today
% Correct
Kazakhstan
95.5%
Kazakhstan
95.5%
China
95.5%
Ukraine
94.2%
Latvia
93.3%
Estonia
92.7%
Lithuania
92.6%
Finland
92.6%
Azerbaijan
92.5%
Azerbaijan
92.5%
Belarus
92.5%
Uzbekistan
92.4%
Turkmenistan
92.3%
Nepal
91.7%
Georgia
91.7%
Armenia
91.1%
Kyrgyzstan
91.1%
Tajikistan
91.1%
Afghanistan
90.4%
Moldova
89.4%
Bhutan
89.2%
North Korea
87.8%
Mauritania
87.7%
Mauritania
87.7%
Poland
86.4%
% Correct
Laos
83.6%
Norway
83.3%
Canada
80%
Malaysia
77.6%
Malta
75.6%
Australia
74.9%
Romania
70.2%
Chad
66.5%
Micronesia
66.1%
Brunei (Bandar Seri Begawan)
59.4%
Madagascar (Antananarivo)
58.8%
Sri Lanka (Sri Jayawardenapura Kotte)
57%
Andorra (Andorra la Vella)
56.4%
Argentina (Buenos Aires)
56.4%
Libya
54.4%
Iceland
53.8%
Namibia
51.5%
Burkina Faso (Ouagadougou)
50.6%
Democratic Republic of the Congo
48.8%
Colombia
44.5%
Botswana
44.4%
Suriname
42.9%
Guyana
41.5%
Guatemala (Guatemala City)
40%
Côte d'Ivoire (Yamoussoukro)
35%
Quiz Playlist
Details
Report
Send in Message
Add To Playlist
Classic:
Type in answers that appear in a list
Last Updated: Feb 16, 2017
Quiz Scoreboard
CHALLENGE
Sign Up to Join the Scoreboard
Show All
Scores
Hide
Comments
May contain spoilers
Recently Published
An Introduction to Baseball
by treessimontrees
Sports
5m
Movies - When Are They Set?
by FPL_Elf
Movies
5m
Popular People in 1961
by mucciniale
History
6m
More to Explore
Quiz From the Vault
Featured Blog Post
Where Did the Easter Bunny Come From?
hide this ad
You Might Also Like...
Tags
Asia Quiz
Landlocked
Mongolia
Today's Top Quizzes in Geography
Browse Geography
hide this ad
Today's Top Quizzes in Asia
Browse Asia
Top Contributed Quizzes in Geography
1
Countries of the World - No Outlines Minefield
2
Top 25 Cities of France on a map
3
Closest Countries to UK A-Z
4
Any capital of a 'B' country per Continent
5
One Thing in Common: United Kingdom
6
Find the Provinces of Canada - No Outlines Minefield
7
Any capital of a 'C' country per Continent
8
Blind Secret Country CLXXXVIII
9
Find the US States - No Outlines
10
Any capital of a 'D' country per Continent
Explore More
Trending Topics
Disney
Crossword
Kpop
NBA
Harry Potter
Anime
Marvel
Pokémon
Song
Soccer
Puzzle
Country
NFL
WWE
The Office
hide this ad
More By:
Schaapje
Quiz
Plays
Rating
Category
Featured
Created
Anything but Mongolia
2,283
4.93
Geography
Jan 11, 2015
Top Polish Cities Containing Each Letter
249
5.00
Geography
Oct 10, 2015
Europe - Carrie
161
3.33
Music
Oct 21, 2013
Silent Film for Each Year
159
4.71
Movies
Jan 27, 2016
Cycling Races Start & Finish
147
Sports
Mar 20, 2016
Go to Creator's Profile
Score Distribution
Quiz Creator Spotlight
Schaapje
Follow
Send a Message
Quizzes Created
-
Created Quiz Play Count
-
More By This Creator
Popular Quizzes Today
1
Find the Countries of Europe - No Outlines Minefield
2
Find the US States - No Outlines Minefield
3
The Countries of the World
4
Popular People in 1961
5
US States
6
Find the US States
7
1-10 Letter E Words III
8
Risky Map Clicking: Biggest States A-Z
More Geography Quizzes
Begins and Ends the Same (World Capitals)
Published
Trending Quizzes
Risky Map Clicking: Least Populous States A-Z
1-10 Letter F Words
1-10 Letter G Words
Not Quite an Element Typing Challenge
One Thing in Common: United Kingdom
Recently Updated
Leaping Animals
pecheneg
Reality TV Shows (A-Z)
bhenderson79
Rickey Henderson's Hall of Fame Teammates
pecheneg
Champions League XIs: Arsenal
pecheneg
Quick Pick: Celebrities in WWE's Hall of Fame
aduchscher
A-Z Keypad Blitz II
pecheneg
Multiple Oscar Actors
pecheneg
Mystery Phrase Blitz: Oscar 'Best Actors'
pecheneg
F. Scott Fitzgerald Novels
LTH
Pick 3 Villains
ddd62291
Trending Topics
Harry Potter
Kpop
Crossword
Anime
Disney
NBA
Marvel
The Office
WWE
Song
NFL
Pokémon
Soccer
Country
Puzzle
Your Account Isn't Verified!
In order to create a playlist on Sporcle, you need to verify the email address you used during registration. Go to your
Sporcle Settings
to finish the process.
Report this User
Report this user for behavior that violates our
Community Guidelines
.
Details:
Send Report
Go to the Sporcle.com Mobile Site →
Comments